Wings of Fire Characters - Sudden Death - Statistics

General Stats
  • This quiz has been taken 56 times
    37 since last reset
  • The average score is 10 of 16
Answers on the Grid
Answers color-coded by a green-red scale on the quiz's grid according to % correct below.
5-Claws
Armorscales
Aura
Ava
Bigtail
Camel
Clay
Cloud
Cottonmouth
Cove
Crab
Dandelion
Darkwings
Fierceteeth
Fin
Indigo
Jeraboa
Jewel
Lagoon
Maple
Peacemaker
Phoenix
Pike
Raspberry
Red
Rhett
Sky
Tundra
Vengence
Victory
Whiteout
Zebra
 
Answer Stats
Answer % Correct
Clay
95%
Bigtail
91%
Fierceteeth
86%
Cottonmouth
82%
Indigo
68%
Peacemaker
68%
Camel
64%
Lagoon
64%
Sky
64%
Whiteout
64%
Jewel
59%
Vengence
50%
Fin
45%
Jeraboa
45%
Pike
45%
Tundra
41%
No matching quizzes found
Score Distribution
Percent of People with Each Score
Percentile by Number Answered
Your Score History
You have not taken this quiz since the last reset